00433nam a22001097a 4500008004100000040005500041100001900096245012000115260005200235300000900287500002700296230727b |||||||| |||| 00| 0 eng d aNational Science LibrarycNational Science Library1 aLandsberg, H E aInterdiurnal variability of pressure and temperature in the conterminous United Statesc/ US Department of Commerce aWashington: bUS Department of Commerce, c1966 a53p. aTechnical paper no. 56